书目信息 |
| 题名: |
天安门百年聚焦
|
|
| 作者: | 贾英廷 主编 | |
| 分册: | ||
| 出版信息: | 北京 中国对外翻译出版公司 2000.02 |
|
| 页数: | 353页 | |
| 开本: | 32开 | |
| 丛书名: | ||
| 单 册: | ||
| 中图分类: | K260.5 | |
| 科图分类: | ||
| 主题词: | 中国--历史 | |
| 电子资源: | ||
| ISBN: | 7-5001-0682-3 | |
| 000 | 00568nam0 2200193 45 | |
| 001 | 0010281680 | |
| 005 | 20001028163227.0 | |
| 010 | @a7-5001-0682-3@d25.00元 | |
| 100 | @a20001028d2000 km y0chiy0120 ea | |
| 101 | 0 | @achi |
| 105 | @a z 000yy | |
| 200 | 1 | @a天安门百年聚焦@ATian An Men Bai Nian Ju Jiao@f贾英廷等主编@FJia Ying Ting Deng Zhu Bian |
| 210 | @a北京@c中国对外翻译出版公司@d2000.02 | |
| 215 | @a353页@d32开 | |
| 606 | 0 | @a中国@x历史 |
| 690 | @aK260.5@v3 | |
| 701 | 0 | @a贾英廷@4主编 |
| 801 | @aCN@bPftUser@c20001028 | |
| 905 | @b194995-998@dK260.5@eJ051@f4 | |
| 天安门百年聚焦/贾英廷等主编.-北京:中国对外翻译出版公司,2000.02 |
| 353页;32开 |
| ISBN 7-5001-0682-3:25.00元 |
| ● |
| 相关链接 |
|
|
|
正题名:天安门百年聚焦
索取号:K260.5/J051
 
预约/预借
| 序号 | 登录号 | 条形码 | 馆藏地/架位号 | 状态 | 备注 |
| 1 | 194995 | 201949954 | 社科库309/309社科库 35排7列5层/ [索取号:K260.5/J051] | 在馆 | |
| 2 | 194996 | 201949963 | 自科二线404/309社科库 58排4列2层/ [索取号:K260.5/J051] | 在馆 | |
| 3 | 194997 | 201949972 | 自科二线404/400A自科库 51排1列4层/ [索取号:K260.5/J051] | 在馆 | |
| 4 | 194998 | 201949981 | 社科库309/309社科库 35排7列5层/ [索取号:K260.5/J051] | 在馆 |